1512 1959 1205 1408 1082 1080 1747 1042 1413 1219 1796 1048 1276 1239 1870 1550 1325 1768 1514 1982 1583 1552 1475 1114 1374 1203 1541 1444 1253 1371 1506 1505 1429 1361 1449 1540 1405 1361 1687 1770 1809 1230 1224 1166 1358 1601 1458 1696 1379 1831 1400 1861 1462 1687 1697 1210 1428 1856 1115 1130 1559 1338 1838 1906 1092 1045 1106 1299 1127 1719 1442 1330 1370 1523 1207 1960 1384 1784 1332 1438 1425 1918 1390 1101 1201 1342 1748 1514 1857 1603 1690 1830 1861 1295 1303 1618 1218 1261 1751 BCNSPRNW ULIB Ver.6.0+V

เปลี่ยนเป็นภาษาไทย

Change to English
 แสดงรายละเอียดบรรณานุกรม
  กลับหน้าหลัก

Brief Record : Get Marc (ISO 2709) : E-mail record : QR code < ปิดหน้าต่าง
LEADER : 00000nam 2200000uu 4500
001    13399113550
003     ULIB
008    111125s2553||||th 000 0 tha d
020    ^a9786167123578
090    ^aนว.^bร165ร 2553
100 0  ^aรวิสิตางค์
245 00 ^aแรกรักปักใจ/^cรวิสิตางค์
250    ^aพิมพ์ครั้งที่ 2
260    ^aกรุงเทพฯ :^bGreen Mind,^c2553
300    ^a251 หน้า
710 1  ^aGreen Mind
945    ^p189^l0^i17049
995    ^aกัณชพร
999    ^aใช้งานได้ทุกระบบ
รายการนี้ยังไม่มีแท็ก
คุณยังไม่ได้ล็อกอิน คุณสามารถมีกิจกรรมร่วมกับเว็บไซต์ได้ แต่ต้องล็อกอินก่อน ::
  ล็อกอิน

รายการสื่อสารสนเทศ

ลำดับที่ ประเภท เลขเรียก/บาร์โค้ด สถานที่ สถานะ
1. วิทยาศาสตร์การแพทย์ และสุขภาพ
วิทยาศาสตร์การแพทย์ และสุขภาพ
นว. ร165ร 2553  
  Barcode: 17049
ห้องสมุดวิทยาเขตสวรรค์ประชารักษ์
►นวนิยาย
บนชั้น
  ขอยืม

BibComment


ยังไม่เคยถูกคอมเมนท์

คอมเมนท์ทรัพยากรรายการนี้
  คอมเมนท์: แรกรักปักใจ รวิส..


 Copyright 2026. Bcnsprnw @Library